Absorption and scattering of light by small particles.

Salvato in:
Dettagli Bibliografici
Autore principale: Bohren, Craig F
Altri autori: Huffman, Donald R
Natura: Libro
Lingua:inglese
Pubblicazione: New York, USA John Wiley 1983
Serie:A Wiley Interscience
Soggetti:
Tags: Aggiungi Tag
Nessun Tag, puoi essere il primo ad aggiungerne!!

MARC

LEADER 00000nam a2200000 a 4500
001 UCH1256
003 CL-VaPUC
005 20230619130211.0
008 090416e19830000US |||||||||||||||||eng|d
999 |c 333314  |d 333312 
020 |a 047105772X 
040 |c Pontificia Universidad Católica de Valparaíso 
082 0 4 |a 535.3 BOH 1983  |2 21 
100 0 |a Bohren, Craig F  |9 535659 
245 1 0 |a Absorption and scattering of light by small particles. 
260 0 3 |a New York, USA  |b John Wiley  |c 1983 
300 |a 530 páginas. 
490 0 |a A Wiley Interscience 
583 |a last modification  |c 20141125 03:43:48  |k Rodrigo Vera 
650 0 |a Aerosoles  |9 366056 
650 0 |a Absorción  |9 360464 
650 0 |a Iluminación  |9 340311 
650 0 |a Electromagnetismo   |9 260123 
700 0 |a Huffman, Donald R  |9 535660 
942 |c BK  |2 ddc 
945 |d 20090416 00:00:00  |a rbrito 
952 |0 0  |1 0  |2 ddc  |4 0  |6 535_300000000000000_BOH_1983  |7 0  |8 A  |9 421643  |a BIBCUR  |b BIBCUR  |d 2019-11-22  |i 4537106  |l 1  |o 535.3 BOH 1983  |p 4537106  |r 2025-04-22  |s 2022-06-13  |t 1  |w 2019-11-22  |y BK  |k BCB